Statistics for Ultimate Mental Maths Quiz

Click here to take the quiz!

General Stats

  • This quiz has been taken 35 times
  • The average score is 8 of 15

Answer Stats

HintAnswer% Correct
256+341597
96%
982-763219
86%
432/854
86%
83x7581
82%
558/936
68%
738/982
68%
12^31728
64%
Root 84129
57%
973x65838
54%
37x371369
50%
96x292784
32%
97x81-1687689
29%
113x11312769
21%
129x395031
21%
23^312167
18%

Score Distribution

Percentile by Number Answered

Percent of People with Each Score

Your Score History

You have not taken this quiz